000 00674nam a22002297a 4500
003 UA-OsUOA
001 48305
007 ta
008 20070903b un ||||| |||| 00| 0 ukr d
100 _aГуменюк В. І.
090 _a821.161.2
_bГ94
942 _cBK
040 _aUA-OsUOA
_bukr
_cUA-OsUOA
_dUA-OsUOA
245 _aКримські мотиви в новій українській літературі
_bХІХст.
300 _a315 с.
955 _a3
041 _aukr
080 _a821.161.2
260 _aСімферополь
_bТаврія
_c2006
650 7 _a82 Література. Літературознавство
_2UDC
999 _c334408
_d334408